[Event "MMaS_2014_U14"]
[Site "?"]
[Date "2014.10.26"]
[Round "3.2"]
[White "Vraj, Karel"]
[Black "Londin, Simon"]
[Result "1-0"]
[WhiteElo "1767"]
[BlackElo "1535"]
[PlyCount "35"]
[EventDate "2014.??.??"]

1. e4 e5 2. Nf3 Nc6 3. d4 exd4 4. Bc4 Nf6 5. O-O Nxe4 6. Re1 d5 7. Bxd5 Qxd5 8.
Nc3 Qh5 9. Nxe4 Be6 10. Neg5 Bd6 11. Nxe6 fxe6 12. Rxe6+ Kd7 13. Ne5+ Kxe6 14.
Qxh5 Bxe5 15. Qg4+ Kd6 16. Bf4 g6 17. Bxe5+ Nxe5 18. Qxd4+ 1-0

[Event "MMaS_2014_U14"]
[Site "?"]
[Date "2014.10.26"]
[Round "3.3"]
[White "Oplustil, David"]
[Black "Jurasek, Vojtech"]
[Result "0-1"]
[WhiteElo "1624"]
[BlackElo "1722"]
[PlyCount "68"]
[EventDate "2014.??.??"]

1. e4 c5 2. Nf3 e6 3. d4 cxd4 4. Nxd4 a6 5. Nc3 Qc7 6. Be3 Bb4 7. Qd3 Nf6 8. f3
d5 9. exd5 Nxd5 10. Bd2 Nxc3 11. Bxc3 Bxc3+ 12. Qxc3 Qxc3+ 13. bxc3 e5 14. Nb3
b6 15. Bd3 Be6 16. O-O O-O 17. Rfe1 Nd7 18. Nd2 Rfc8 19. Re3 g6 20. Bf1 Kg7 21.
a3 f6 22. Rb1 b5 23. Rb4 Nb6 24. Rd3 Nd5 25. Rb3 Nf4 26. Rd6 Bxb3 27. cxb3 Rd8
28. Rxd8 Rxd8 29. Ne4 Nd3 30. c4 bxc4 31. bxc4 f5 32. Nc3 Nc5 33. Nd5 Rb8 34.
h3 Rb3 0-1

[Event "MMaS_2014_U14"]
[Site "?"]
[Date "2014.10.26"]
[Round "3.4"]
[White "Glozar, Petr"]
[Black "Suchanek, Krystof"]
[Result "1/2-1/2"]
[WhiteElo "1813"]
[BlackElo "1509"]
[PlyCount "90"]
[EventDate "2014.10.25"]

1. e4 e5 2. Nf3 Nc6 3. Bb5 f5 4. d3 fxe4 5. dxe4 Nf6 6. O-O d6 7. Nc3 Be7 8.
Bg5 O-O 9. Bxf6 Bxf6 10. Nd5 Bg4 11. Bc4 Kh8 12. h3 Bh5 13. Qd3 Na5 14. Nd2
Nxc4 15. Nxc4 Bg6 16. Qe2 c6 17. Nde3 Bxe4 18. Rad1 d5 19. Ng4 Bg6 20. Ncxe5
Bh5 21. Rd4 Qc7 22. f4 Bxg4 23. hxg4 Bxe5 24. fxe5 Rxf1+ 25. Kxf1 Rf8+ 26. Kg1
Re8 27. Rf4 Kg8 28. Rf5 g6 29. Rf2 Qxe5 30. Qf3 Qc7 31. g3 Qe7 32. c3 Rf8 33.
Qe2 Qxe2 34. Rxe2 Kg7 35. Kg2 Rf7 36. Re8 Kf6 37. Re2 Re7 38. Rf2+ Ke6 39. Re2+
Kd6 40. Rf2 Kc5 41. b3 d4 42. cxd4+ Kxd4 43. Rd2+ Kc3 44. Rf2 Kd3 45. Kh3 c5
1/2-1/2

[Event "MMaS_2014_U14"]
[Site "?"]
[Date "2014.10.26"]
[Round "3.5"]
[White "Klubal, Jiri"]
[Black "Filip, Tomas"]
[Result "1-0"]
[WhiteElo "1524"]
[BlackElo "1780"]
[PlyCount "31"]
[EventDate "2014.10.25"]

1. e4 c5 2. Nf3 d6 3. d4 cxd4 4. Nxd4 Nf6 5. Nc3 a6 6. Bg5 e6 7. f4 Be7 8. Qf3
Nbd7 9. g4 Qc7 10. O-O-O b5 11. Bxf6 Nxf6 12. g5 Nd7 13. f5 Bxg5+ 14. Kb1 e5
15. Nd5 Qd8 16. Nc6 1-0

[Event "MMaS_2014_U14"]
[Site "?"]
[Date "2014.10.26"]
[Round "3.6"]
[White "Ochmyt, Jakub"]
[Black "Chwistek, Karel"]
[Result "1/2-1/2"]
[WhiteElo "1585"]
[BlackElo "1695"]
[PlyCount "43"]
[EventDate "2014.10.25"]

1. e4 c5 2. Nf3 Nc6 3. d4 cxd4 4. Nxd4 g6 5. Nc3 Bg7 6. Be3 Nf6 7. Bc4 O-O 8.
Bb3 Na5 9. Qd2 Ng4 10. O-O-O Nxe3 11. Qxe3 Nxb3+ 12. Nxb3 d6 13. Kb1 Be6 14. f3
a6 15. Rhg1 b5 16. g4 Qb8 17. Nd5 Bxd5 18. exd5 Qc7 19. Rde1 Qc4 20. Qe4 a5 21.
Nd2 Qc5 22. Nb3 1/2-1/2

[Event "MMaS_2014_U14"]
[Site "?"]
[Date "2014.10.26"]
[Round "3.7"]
[White "Zitny, Michal"]
[Black "Kohut, Pavel"]
[Result "1-0"]
[WhiteElo "1654"]
[BlackElo "1083"]
[PlyCount "59"]
[EventDate "2014.10.25"]

1. c4 e5 2. Nc3 c6 3. Nf3 d6 4. d3 Bg4 5. g3 Bxf3 6. exf3 d5 7. cxd5 cxd5 8.
Qb3 Nf6 9. Qxb7 Nbd7 10. Nxd5 Nxd5 11. Qxd5 Bb4+ 12. Bd2 Bxd2+ 13. Kxd2 O-O 14.
Bh3 Nf6 15. Qxd8 Rfxd8 16. Rhe1 Rab8 17. b3 Re8 18. Rac1 Rbd8 19. Rc4 g6 20.
Bg2 Kg7 21. Rc5 e4 22. fxe4 Ng4 23. f3 Nf2 24. Rc3 Rc8 25. Rec1 Rxc3 26. Rxc3
Re6 27. Ke2 Ra6 28. Rc2 Nxd3 29. Kxd3 Rd6+ 30. Ke2 1-0

[Event "MMaS_2014_U14"]
[Site "?"]
[Date "2014.10.26"]
[Round "3.8"]
[White "Pavlik, Vladimir"]
[Black "Budik, Pavel"]
[Result "1/2-1/2"]
[WhiteElo "1508"]
[BlackElo "1616"]
[PlyCount "60"]
[EventDate "2014.10.25"]

1. e4 c6 2. d4 d5 3. exd5 cxd5 4. c4 Nf6 5. Nc3 e6 6. Bg5 Be7 7. c5 Bd7 8. Nf3
b6 9. b4 O-O 10. Be2 Ne4 11. Nxe4 dxe4 12. Bxe7 Qxe7 13. Ne5 Nc6 14. Nxc6 Bxc6
15. b5 Bd5 16. c6 Qb4+ 17. Qd2 Qxd2+ 18. Kxd2 Rac8 19. f3 exf3 20. Bxf3 Rfd8
21. Bxd5 Rxd5 22. Ke3 Rxb5 23. Rhc1 Rc7 24. Rc2 Kf8 25. Rd1 Rd5 26. Rf1 Rd6 27.
Rfc1 Ke7 28. a4 Rd5 29. Rb2 Ra5 30. Rb4 Kd6 1/2-1/2

[Event "MMaS_2014_U14"]
[Site "?"]
[Date "2014.10.26"]
[Round "3.9"]
[White "Kriz, Vojtech"]
[Black "Barak, David"]
[Result "1/2-1/2"]
[WhiteElo "1464"]
[BlackElo "1600"]
[PlyCount "63"]
[EventDate "2014.10.25"]

1. e4 c5 2. Nf3 Nc6 3. d4 cxd4 4. Nxd4 Nf6 5. Nc3 d6 6. Bg5 e6 7. Nb3 Be7 8.
Qd2 a6 9. Bd3 h6 10. Bf4 e5 11. Bg3 Be6 12. f3 Rc8 13. O-O O-O 14. Rad1 Qc7 15.
f4 Nh5 16. f5 Nxg3 17. hxg3 Bxb3 18. axb3 Bg5 19. Qf2 Ne7 20. Nd5 Nxd5 21. exd5
Qc5 22. Qxc5 Rxc5 23. Be4 f6 24. Rf3 Kf7 25. g4 a5 26. Ra1 b6 27. Ra4 Rfc8 28.
Bd3 Ke7 29. c4 Bd2 30. Ra1 Kf7 31. Kf1 Re8 32. Be4 1/2-1/2

[Event "MMaS_2014_U14"]
[Site "?"]
[Date "2014.10.26"]
[Round "3.10"]
[White "Sramek, Vojtech"]
[Black "Gemsova, Tereza"]
[Result "1-0"]
[WhiteElo "1709"]
[BlackElo "1424"]
[PlyCount "88"]
[EventDate "2014.10.25"]

1. e4 c5 2. Nf3 Nc6 3. d4 cxd4 4. Nxd4 Nf6 5. Nc3 d6 6. Be3 e5 7. Nb3 g6 8. Be2
Bg7 9. O-O O-O 10. f3 a6 11. Qd2 Qc7 12. Rfd1 Rd8 13. Na4 Qe7 14. Bb6 Rd7 15.
Qe3 d5 16. Bc5 Qd8 17. Nb6 Rb8 18. Nxd7 Qxd7 19. exd5 Ne7 20. Bxe7 Qxe7 21. d6
Qd8 22. Qc3 e4 23. Qc7 Bf5 24. Qxd8+ Rxd8 25. fxe4 Bxe4 26. c3 Bf8 27. Rd4 Bh6
28. Kh1 Bf5 29. Bf3 b6 30. Bc6 Be3 31. Rdd1 Bc2 32. Re1 Bh6 33. Nd4 Bd3 34.
Rad1 Bc4 35. b3 Bd5 36. Bxd5 Nxd5 37. Nc6 Rxd6 38. Ne7+ Kf8 39. Rxd5 Re6 40.
Rxe6 fxe6 41. Nxg6+ hxg6 42. Rd6 Ke7 43. Rxb6 Bd2 44. c4 a5 1-0

[Event "MMaS_2014_U14"]
[Site "?"]
[Date "2014.10.26"]
[Round "3.11"]
[White "Jiricek, Vojtech"]
[Black "Zelnitius, Albert"]
[Result "1/2-1/2"]
[WhiteElo "1605"]
[BlackElo "1381"]
[PlyCount "99"]
[EventDate "2014.10.25"]

1. e4 e5 2. Bc4 Nf6 3. d3 Bc5 4. Bg5 d6 5. h3 O-O 6. Nc3 Be6 7. Bb3 Nc6 8. Nf3
Qe7 9. O-O h6 10. Bh4 a6 11. Nd5 Bxd5 12. Bxd5 Rfe8 13. Qd2 Nb4 14. c3 Nbxd5
15. exd5 c6 16. dxc6 bxc6 17. Rfe1 Bb6 18. b4 a5 19. a4 axb4 20. cxb4 c5 21. a5
Bc7 22. b5 d5 23. b6 Bd6 24. a6 e4 25. dxe4 dxe4 26. a7 Red8 27. Qc3 Qb7 28.
Bxf6 gxf6 29. Nd2 Be5 30. Qe3 Bxa1 31. Rxa1 Qxb6 32. Nxe4 Re8 33. f3 f5 34.
Qxc5 Qxc5+ 35. Nxc5 Re7 36. Nd3 Raxa7 37. Rxa7 Rxa7 38. Kf2 Kg7 39. f4 Ra2+ 40.
Kf3 Ra3 41. Ke3 h5 42. g3 Kh6 43. Kd4 f6 44. h4 Kg6 45. Ke3 Kh6 46. Kd4 Ra1 47.
Ke3 Rf1 48. Ke2 Rg1 49. Kf2 Rd1 50. Ke2 1/2-1/2

[Event "MMaS_2014_U14"]
[Site "?"]
[Date "2014.10.26"]
[Round "3.12"]
[White "Zach, Vojtech"]
[Black "Nytra, Ondrej"]
[Result "0-1"]
[WhiteElo "1324"]
[BlackElo "1583"]
[PlyCount "52"]
[EventDate "2014.10.25"]

1. e4 e5 2. Nf3 Nc6 3. Bc4 Nf6 4. d3 Bc5 5. Nc3 d6 6. Na4 Bb6 7. Nxb6 axb6 8.
Bb5 O-O 9. Bg5 Bg4 10. h3 Bxf3 11. Qxf3 Nd4 12. Qd1 Nxb5 13. c3 c6 14. d4 exd4
15. cxd4 Re8 16. f3 h6 17. Be3 Nd5 18. Qd2 Nxe3 19. Qxe3 Qh4+ 20. Ke2 d5 21. g4
dxe4 22. fxe4 Kf8 23. Rhf1 Qe7 24. Rf4 g5 25. Rxf7+ Kxf7 26. Rf1+ Kg7 0-1

[Event "MMaS_2014_U12"]
[Site "?"]
[Date "2014.10.27"]
[Round "5.1"]
[White "Mica, Marek"]
[Black "Krejcok, Tobias"]
[Result "1-0"]
[WhiteElo "1582"]
[BlackElo "1594"]
[PlyCount "115"]
[EventDate "2014.??.??"]

1. d4 d5 2. c4 e6 3. Nc3 Nf6 4. Nf3 Nbd7 5. Bg5 Be7 6. e3 h6 7. Bh4 c5 8. Be2
dxc4 9. Bxc4 O-O 10. O-O b6 11. Rc1 Bb7 12. Be2 Ne4 13. Bxe7 Qxe7 14. Bd3 Nxc3
15. bxc3 e5 16. Be2 exd4 17. cxd4 cxd4 18. Nxd4 Qg5 19. Bf3 Bxf3 20. Nxf3 Qe7
21. Rc7 Rfd8 22. Qa4 Nc5 23. Rxe7 Nxa4 24. g3 Re8 25. Rxe8+ Rxe8 26. Rc1 Nc5
27. Nd4 Rd8 28. Kg2 Kh7 29. h4 g6 30. g4 Rd5 31. f4 Kg7 32. Kf3 a6 33. Rd1 Na4
34. Nf5+ Rxf5 35. gxf5 gxf5 36. Rd6 a5 37. e4 fxe4+ 38. Kxe4 b5 39. Kd4 Nb2 40.
Rd5 a4 41. Rxb5 Nd1 42. Ra5 Nb2 43. Kc3 Nd1+ 44. Kd2 Nb2 45. Kc2 Nc4 46. Rxa4
Nb6 47. Rd4 Na8 48. a4 Kf6 49. a5 Kf5 50. a6 Kg4 51. a7 Kxh4 52. Rd8 Nb6 53.
Rb8 Nd7 54. Rb1 Kg4 55. a8=Q Kxf4 56. Rf1+ Kg5 57. Qg2+ Kh5 58. Rh1# 1-0

[Event "MMaS_2014_U12"]
[Site "?"]
[Date "2014.10.27"]
[Round "5.2"]
[White "Ocko, Dominik"]
[Black "Demko, Robert"]
[Result "1-0"]
[WhiteElo "1561"]
[BlackElo "1665"]
[PlyCount "103"]
[EventDate "2014.??.??"]

1. d4 d5 2. Nc3 Nf6 3. Bg5 Bf5 4. e3 e6 5. Bd3 Bxd3 6. cxd3 Be7 7. Nf3 O-O 8.
O-O Nbd7 9. Rc1 Rc8 10. a3 c5 11. dxc5 Rxc5 12. b4 Rc8 13. Qb3 a6 14. Rc2 b5
15. Rfc1 Qb6 16. Nxd5 Nxd5 17. Rxc8 Bxg5 18. Nxg5 h6 19. Nf3 Rxc8 20. Rxc8+ Kh7
21. d4 Qd6 22. Qc2+ g6 23. Qc6 Qxc6 24. Rxc6 Nb8 25. Rc2 Kg7 26. Kf1 Nd7 27. e4
N5f6 28. Nd2 g5 29. Ke2 Kg6 30. f3 Nb6 31. Kd3 Nfd7 32. Nb3 Kf6 33. Nc5 Nb8 34.
Nxa6 Nxa6 35. Rc6 Nxb4+ 36. axb4 Na4 37. Kc2 h5 38. Kb3 g4 39. f4 Ke7 40. Ra6
Kd7 41. Rxa4 bxa4+ 42. Kxa4 Kc6 43. b5+ Kb6 44. Kb4 h4 45. g3 h3 46. Kc4 f5 47.
exf5 exf5 48. d5 Kc7 49. Kc5 Kd7 50. b6 Kc8 51. Kc6 Kb8 52. b7 1-0

[Event "MMaS_2014_U12"]
[Site "?"]
[Date "2014.10.27"]
[Round "5.3"]
[White "Kopec, Ladislav"]
[Black "Richterova, Julie"]
[Result "1/2-1/2"]
[WhiteElo "1484"]
[BlackElo "1564"]
[PlyCount "31"]
[EventDate "2014.10.25"]

1. e4 d5 2. exd5 Qxd5 3. Nc3 Qd6 4. d4 Nf6 5. Nb5 Qb6 6. c4 c6 7. Nc3 Bg4 8.
Be2 Bxe2 9. Ngxe2 e6 10. Qc2 Be7 11. h3 Nbd7 12. O-O O-O 13. Be3 Qc7 14. Rac1
Rac8 15. Rfd1 Rfd8 16. Qb1 1/2-1/2

[Event "MMaS_2014_U12"]
[Site "?"]
[Date "2014.10.27"]
[Round "5.4"]
[White "Szotkowski, David"]
[Black "Kures, Michael"]
[Result "1/2-1/2"]
[WhiteElo "1532"]
[BlackElo "1486"]
[Annotator "Doe,John"]
[PlyCount "48"]
[EventDate "2014.10.25"]

1. c4 f5 2. Nc3 Nf6 3. g3 b6 4. Bg2 Nc6 5. Nf3 Bb7 6. d4 e6 7. O-O Bb4 8. Qc2
O-O 9. b3 Ne7 10. Bb2 Ne4 11. a3 Bxc3 12. Bxc3 Nxc3 13. Qxc3 Ng6 14. e3 Qf6 15.
Rac1 Rac8 16. c5 Rfd8 17. b4 Ne7 18. Ne5 Bxg2 19. Kxg2 Nd5 20. Qd2 Qe7 21. Rfe1
Nf6 22. Rc2 c6 23. Nc4 Ne4 24. Qd3 b5 {Následnì neplatnì provedené braní
mimochodem cxb6, nemoznost dalsího logického zápisu partie.} 1/2-1/2

[Event "MMaS_2014_U12"]
[Site "?"]
[Date "2014.10.27"]
[Round "5.5"]
[White "Dvorakova, Olga"]
[Black "Blaha, Marek"]
[Result "1-0"]
[WhiteElo "1510"]
[BlackElo "1435"]
[PlyCount "81"]
[EventDate "2014.10.25"]

1. e4 e5 2. Nf3 Nc6 3. Bb5 a6 4. Ba4 b5 5. Bb3 Bc5 6. d3 h6 7. O-O Nf6 8. a4
Bb7 9. Be3 Bxe3 10. fxe3 O-O 11. Nc3 d6 12. axb5 axb5 13. Nxb5 Qe7 14. Nc3 Nb4
15. Qd2 d5 16. exd5 Nbxd5 17. Nxd5 Nxd5 18. e4 Nf4 19. Rxa8 Rxa8 20. Nxe5 Qxe5
21. Qxf4 Qxf4 22. Rxf4 Ra1+ 23. Rf1 Rxf1+ 24. Kxf1 Kf8 25. Kf2 Ke7 26. Ke3 g5
27. g3 f6 28. d4 Kd6 29. c4 c5 30. Ba4 Ba6 31. b3 Bc8 32. Kd3 Bb7 33. Be8 Bc8
34. Bg6 Bh3 35. Kc3 Bf1 36. b4 cxb4+ 37. Kxb4 Bxc4 38. Kxc4 Kc6 39. Be8+ Kd6
40. Kb5 Ke7 41. Kc6 1-0

[Event "MMaS_2014_U12"]
[Site "?"]
[Date "2014.10.27"]
[Round "5.6"]
[White "Hrabal, Matej"]
[Black "Mikesch, Dalibor"]
[Result "1/2-1/2"]
[WhiteElo "1498"]
[BlackElo "1359"]
[PlyCount "63"]
[EventDate "2014.10.25"]

1. e4 c5 2. Nf3 d6 3. d4 cxd4 4. Nxd4 Nf6 5. Nc3 a6 6. Be3 e5 7. Nb3 Be6 8. Be2
Be7 9. O-O O-O 10. f4 d5 11. fxe5 Nxe4 12. Nxe4 dxe4 13. Qe1 Nc6 14. Nc5 Nxe5
15. Nxe4 Bg4 16. Bf4 Qb6+ 17. Kh1 Qd4 18. Bxe5 Qxe4 19. Bxg4 Qxg4 20. Rf4 Qg5
21. Qe2 f6 22. Qc4+ Kh8 23. Bc3 Rac8 24. Qf1 Qh6 25. Rf3 Bd6 26. Rh3 Qg6 27.
Qf3 Qxc2 28. Qxb7 Be5 29. Qxa6 Bxc3 30. bxc3 Rxc3 31. Rxc3 Qxc3 32. Rf1 1/2-1/2

[Event "MMaS_2014_U12"]
[Site "?"]
[Date "2014.10.27"]
[Round "5.7"]
[White "Tajovsky, Matej"]
[Black "Suchanek, Hanus"]
[Result "1/2-1/2"]
[WhiteElo "1407"]
[BlackElo "1310"]
[PlyCount "76"]
[EventDate "2014.10.25"]

1. e4 e5 2. Nf3 Nc6 3. d4 exd4 4. Nxd4 Bc5 5. Be3 Qf6 6. c3 Nge7 7. Be2 d5 8.
Bf3 dxe4 9. Bxe4 O-O 10. O-O Nxd4 11. cxd4 Bd6 12. g3 Nf5 13. Bd2 Qxd4 14. Nc3
Bb4 15. Bc2 Be6 16. Re1 Rad8 17. Re2 Nh6 18. Bxh6 Qxd1+ 19. Rxd1 gxh6 20. a3
Bxc3 21. bxc3 Rxd1+ 22. Bxd1 Bg4 23. Re1 Bxd1 24. Rxd1 Rc8 25. Rd7 Kg7 26. Kg2
Kf6 27. Kf3 Ke6 28. Rd4 Re8 29. Re4+ Kd7 30. Rd4+ Kc8 31. Rh4 Re6 32. Rf4 f6
33. Kg4 Ra6 34. a4 Rc6 35. c4 Ra6 36. c5 Rc6 37. Rf5 Ra6 38. Rf4 Rc6 1/2-1/2

[Event "MMaS_2014_U12"]
[Site "?"]
[Date "2014.10.27"]
[Round "5.8"]
[White "Zavadil, Matyas"]
[Black "Nemec, David"]
[Result "0-1"]
[WhiteElo "1613"]
[BlackElo "1559"]
[PlyCount "47"]
[EventDate "2014.10.25"]

1. Nf3 d5 2. d4 Nf6 3. e3 c6 4. Bd3 Bg4 5. Nbd2 Nbd7 6. c4 e6 7. Qb3 Qc7 8. Qc3
Rc8 9. h3 Bh5 10. O-O Be7 11. b3 O-O 12. Bb2 Qb8 13. Qc2 Bd6 14. Rac1 e5 15.
dxe5 Nxe5 16. Bxe5 Bxe5 17. Nxe5 Qxe5 18. Qc3 Qxc3 19. Rxc3 Rcd8 20. f3 dxc4
21. Nxc4 Nd5 22. Rcc1 b5 23. Ne5 Nxe3 24. Nxc6 0-1

[Event "MMaS_2014_U12"]
[Site "?"]
[Date "2014.10.27"]
[Round "5.9"]
[White "Matus, Filip"]
[Black "Sebesta, Jan"]
[Result "1/2-1/2"]
[WhiteElo "1329"]
[BlackElo "1511"]
[PlyCount "88"]
[EventDate "2014.10.25"]

1. e4 d5 2. exd5 Qxd5 3. Nc3 Qa5 4. d4 Nf6 5. Nf3 Bg4 6. Be2 Nc6 7. h3 Bh5 8.
O-O O-O-O 9. Bf4 Bxf3 10. Bxf3 Nxd4 11. Re1 Nxf3+ 12. Qxf3 h6 13. Rad1 Rxd1 14.
Rxd1 e6 15. Qd3 Be7 16. Qe3 g5 17. Be5 Rd8 18. Rxd8+ Bxd8 19. Qd4 Nd5 20. Nxd5
Qxd5 21. Qxd5 exd5 22. Kf1 Kd7 23. Ke2 Ke6 24. Bg3 Kf5 25. Ke3 c5 26. c3 a5 27.
Bd6 Bb6 28. g4+ Ke6 29. Bf8 d4+ 30. cxd4 cxd4+ 31. Kd3 f5 32. Bxh6 fxg4 33.
hxg4 Kf6 34. f4 gxf4 35. Bxf4 Ba7 36. g5+ Kf5 37. g6 Kxg6 38. Be5 Kf7 39. Bxd4
Bb8 40. b3 Ke6 41. Bb6 a4 42. bxa4 Kd6 43. Kc4 Kc6 44. Be3 Bc7 1/2-1/2

[Event "MMaS_2014_U12"]
[Site "?"]
[Date "2014.10.27"]
[Round "5.10"]
[White "Machacek, Lukas"]
[Black "Valusek, Vojtech"]
[Result "1-0"]
[WhiteElo "1481"]
[BlackElo "1101"]
[PlyCount "41"]
[EventDate "2014.10.25"]

1. e4 c5 2. Nf3 d6 3. d4 cxd4 4. Nxd4 Nc6 5. Nc3 Nf6 6. Bg5 Ng4 7. Nxc6 bxc6 8.
h3 Ne5 9. f4 Ng6 10. f5 Ne5 11. Qd2 Qd7 12. O-O-O e6 13. f6 d5 14. exd5 cxd5
15. Bb5 Nc6 16. Bxc6 Qxc6 17. Rhe1 Rb8 18. Qxd5 Qxd5 19. Rxd5 Bb4 20. fxg7 Rg8
21. Rd8# 1-0

[Event "MMaS_2014_U12"]
[Site "?"]
[Date "2014.10.27"]
[Round "5.11"]
[White "Keprt, Tomas"]
[Black "Bosak, Rene"]
[Result "0-1"]
[WhiteElo "1254"]
[BlackElo "1407"]
[PlyCount "60"]
[EventDate "2014.10.25"]

1. e4 e5 2. Nf3 Nc6 3. d4 exd4 4. Nxd4 Nf6 5. Nc3 Bb4 6. Nxc6 bxc6 7. Bd3 d5 8.
exd5 cxd5 9. O-O O-O 10. Bg5 Bd6 11. Nxd5 Bxh2+ 12. Kxh2 Qxd5 13. Bxf6 Qd6+ 14.
Kg1 Qxf6 15. Re1 Qg5 16. c3 Bb7 17. Be4 Rad8 18. Qc2 Rd2 19. Qb3 Bxe4 20. Rxe4
Qf5 21. f3 Qc5+ 22. Rd4 Rd8 23. Kh2 R2xd4 24. cxd4 Qxd4 25. a3 h6 26. Qc3 Qf4+
27. Kg1 Rd2 28. Qc1 Qd4+ 29. Kh2 Qf2 30. Qg1 Qh4# 0-1

[Event "MMaS_2014_U12"]
[Site "?"]
[Date "2014.10.27"]
[Round "5.12"]
[White "Kriz, Tomas"]
[Black "Petricek, Lukas"]
[Result "0-1"]
[WhiteElo "1357"]
[BlackElo "1128"]
[PlyCount "76"]
[EventDate "2014.10.25"]

1. e4 c5 2. c3 d5 3. exd5 Qxd5 4. d4 e6 5. Nf3 Nf6 6. Be3 Be7 7. dxc5 Qxd1+ 8.
Kxd1 O-O 9. Bd3 Ng4 10. b4 Nc6 11. Nd4 Rd8 12. Ke2 Nxd4+ 13. cxd4 Bf6 14. Rd1
b6 15. Be4 Rb8 16. c6 Ba6+ 17. Ke1 Rbc8 18. a4 Bc4 19. Rc1 Bd5 20. Bxd5 Rxd5
21. h3 Nxe3 22. fxe3 Bh4+ 23. Ke2 Rf5 24. Na3 Rf2+ 25. Kd3 Rxg2 26. Nb5 a6 27.
Nd6 Rc7 28. Ne8 Rc8 29. c7 Bg3 30. a5 b5 31. Rc6 Kf8 32. Nd6 Bxd6 33. Rxd6 Rxc7
34. Rxa6 Rcc2 35. Ra8+ Ke7 36. Rd1 Rb2 37. a6 f5 38. a7 Rb3# 0-1

[Event "MMaS_2014_U12"]
[Site "?"]
[Date "2014.10.27"]
[Round "5.13"]
[White "Targosz, Jiri"]
[Black "Kubala, Vojtech"]
[Result "0-1"]
[WhiteElo "1370"]
[BlackElo "1262"]
[Annotator "Doe,John"]
[PlyCount "31"]
[EventDate "2014.10.25"]

1. e4 e6 2. d4 d5 3. e5 c5 4. c3 Qb6 5. Nf3 Nc6 6. Bd3 cxd4 7. cxd4 Bd7 8. Bc2
Nge7 9. O-O Nf5 10. Bxf5 exf5 11. a3 Be7 12. Nc3 Be6 13. b4 f6 14. Be3 O-O 15.
Re1 Rfe8 16. Bf4 {Neèitelný zápis} 0-1

[Event "MMaS_2014_U12"]
[Site "?"]
[Date "2014.10.27"]
[Round "5.14"]
[White "Oplustil, Pavel"]
[Black "Crlik, Filip"]
[Result "1-0"]
[WhiteElo "1310"]
[BlackElo "1250"]
[PlyCount "33"]
[EventDate "2014.10.25"]

1. e4 e5 2. Nf3 Nc6 3. d4 d6 4. dxe5 Bg4 5. exd6 Bxf3 6. Qxf3 Bxd6 7. Bc4 Bb4+
8. c3 Ne5 9. Bxf7+ Nxf7 10. cxb4 Ne5 11. Qh5+ g6 12. Qxe5+ Kf7 13. Qxh8 Qd7 14.
Qxh7+ Ke8 15. Qxg8+ Ke7 16. Bg5+ Kd6 17. Qd5# 1-0

[Event "MMaS_2014_U10"]
[Site "?"]
[Date "2014.10.27"]
[Round "6.1"]
[White "Blaha, Lukas"]
[Black "Vantuch, Lucian"]
[Result "1-0"]
[WhiteElo "1113"]
[BlackElo "1614"]
[PlyCount "41"]
[EventDate "2014.??.??"]

1. g3 e5 2. Bg2 d5 3. Nc3 Nf6 4. d4 exd4 5. Qxd4 Nc6 6. Qd1 Bb4 7. Bd2 O-O 8.
a3 Ba5 9. Nf3 d4 10. Na4 Bxd2+ 11. Qxd2 Ne4 12. Qd3 Bf5 13. Nc5 Nxg3 14. e4
dxe3 15. Qc3 exf2+ 16. Kxf2 Nxh1+ 17. Rxh1 b6 18. Nb3 Qd6 19. Rg1 Be4 20. Bf1
Bxf3 21. Qxg7# 1-0

[Event "MMaS_2014_U10"]
[Site "?"]
[Date "2014.10.27"]
[Round "6.2"]
[White "Fikejs, Tomas"]
[Black "Frank, Adam"]
[Result "0-1"]
[WhiteElo "1112"]
[BlackElo "1510"]
[PlyCount "148"]
[EventDate "2014.??.??"]

1. e4 e5 2. Nf3 Nc6 3. d4 exd4 4. Nxd4 Nf6 5. Nc3 Bb4 6. Nxc6 bxc6 7. Bd3 d5 8.
O-O O-O 9. Bg5 Qd6 10. Re1 dxe4 11. Bxe4 Nxe4 12. Rxe4 Bxc3 13. bxc3 Qg6 14.
Be7 Qxe4 15. Bxf8 Kxf8 16. Qd8+ Qe8 17. Qd2 Ba6 18. Re1 Qd8 19. Qe3 Qd7 20. h3
Rd8 21. Qc5+ Qd6 22. Qf5 Qd2 23. Re3 Qd1+ 24. Kh2 Qd6+ 25. g3 Qg6 26. Qc5+ Kg8
27. Qe7 Qd6 28. Qxd6 cxd6 29. Re7 Ra8 30. Rd7 d5 31. Rc7 Bb5 32. f4 f6 33. g4
a5 34. h4 Re8 35. h5 h6 36. Ra7 a4 37. g5 fxg5 38. fxg5 hxg5 39. Kg3 Re3+ 40.
Kg4 Rxc3 41. Ra8+ Kf7 42. Kxg5 Rxc2 43. Ra7+ Kg8 44. Kg6 Rg2+ 45. Kf5 Kh7 46.
a3 Kh6 47. Ra8 g6+ 48. Kf6 Rf2+ 49. Ke6 gxh5 50. Rh8+ Kg5 51. Rg8+ Kh4 52. Rb8
d4 53. Rd8 d3 54. Kd6 d2 55. Kc5 Kg3 56. Rg8+ Kf3 57. Rd8 Ke2 58. Kb4 d1=Q 59.
Rxd1 Kxd1 60. Ka5 Rf4 61. Kb6 Bd3 62. Kxc6 Rf5 63. Kd6 h4 64. Ke6 h3 65. Kd6 h2
66. Ke6 h1=Q 67. Kd6 Qh6+ 68. Ke7 Qf6+ 69. Kd7 Rd5+ 70. Kc7 Qd6+ 71. Kb7 Rb5+
72. Kc8 Qa6+ 73. Kc7 Rb7+ 74. Kc8 Qa8# 0-1

[Event "MMaS_2014_U10"]
[Site "?"]
[Date "2014.10.27"]
[Round "6.3"]
[White "Nezval, Filip"]
[Black "Faja, Vilem"]
[Result "1/2-1/2"]
[WhiteElo "1099"]
[BlackElo "1386"]
[Annotator "Doe,John"]
[PlyCount "57"]
[EventDate "2014.10.25"]

1. e4 c5 2. Nf3 d6 3. Bc4 Nf6 4. d3 g6 5. O-O Bg7 6. Re1 O-O 7. e5 dxe5 8. Nxe5
Nd5 9. Nf3 Nc6 10. c3 Nb6 11. Bb3 Bg4 12. Bg5 h6 13. Bf4 g5 14. h3 Bh5 15. g4
Bg6 16. Be5 Nxe5 17. Nxe5 Bxe5 18. Rxe5 Qd6 19. d4 cxd4 20. cxd4 Rad8 21. Nc3
Qxe5 22. dxe5 Rxd1+ 23. Rxd1 Rc8 24. Nd5 Nxd5 25. Rxd5 Be4 26. Rd4 Rc1+ 27. Rd1
Rc5 28. e6 fxe6 29. Bxe6+ {Nemozny tah} 1/2-1/2

[Event "MMaS_2014_U10"]
[Site "?"]
[Date "2014.10.27"]
[Round "6.4"]
[White "Nedela, Adam"]
[Black "Kolar, Jan"]
[Result "0-1"]
[WhiteElo "1122"]
[BlackElo "1274"]
[Annotator "Doe,John"]
[PlyCount "34"]
[EventDate "2014.10.25"]

1. c4 e5 2. Nc3 Nf6 3. g3 Bc5 4. Bg2 O-O 5. Nf3 Nc6 6. O-O d6 7. e3 Bg4 8. h3
Bh5 9. g4 Bg6 10. d4 Bb6 11. b3 e4 12. Nd2 Re8 13. b4 Nxb4 14. Ba3 Nd3 15. Qc2
Ba5 16. d5 b6 17. Nb3 Nd7 {Dále neèitelný zápis} 0-1

[Event "MMaS_2014_U10"]
[Site "?"]
[Date "2014.10.27"]
[Round "6.5"]
[White "Vavra, Jan  "]
[Black "Richter, Rudolf"]
[Result "0-1"]
[WhiteElo "1440"]
[BlackElo "1108"]
[Annotator "Doe,John"]
[PlyCount "61"]
[EventDate "2014.10.25"]

1. e4 c5 2. Bc4 Nc6 3. Nf3 g6 4. Nc3 Bg7 5. d3 Nf6 6. O-O O-O 7. h3 d6 8. Bg5
Bd7 9. Re1 h6 10. Bh4 Nd4 11. Nxd4 cxd4 12. Ne2 Qb6 13. b3 Rac8 14. Qd2 Rfe8
15. f4 e5 16. c3 Bb5 17. Bxb5 Qxb5 18. cxd4 exd4 19. Bf2 g5 20. Nc3 Qa5 21.
Rac1 d5 22. e5 Nd7 23. h4 b5 24. hxg5 b4 25. Na4 Rxc1 26. Rxc1 hxg5 27. Nc5 Nb6
28. Be1 f6 29. exf6 Bxf6 30. Qf2 Re3 31. Bd2 {èerný provedl nemo#ný tah...} 0-1

[Event "MMaS_2014_U10"]
[Site "?"]
[Date "2014.10.27"]
[Round "6.6"]
[White "Babula, Vlastimil"]
[Black "Vasinek, Martin"]
[Result "1-0"]
[WhiteElo "1238"]
[BlackElo "1083"]
[Annotator "Doe,John"]
[PlyCount "58"]
[EventDate "2014.10.25"]

1. e4 e5 2. Nf3 Nc6 3. Bc4 Nf6 4. Ng5 d5 5. exd5 Nxd5 6. d3 Be6 7. Nxe6 fxe6 8.
O-O Qf6 9. Bd2 O-O-O 10. Nc3 Bc5 11. Qg4 h6 12. Nxd5 Qf5 13. Qxf5 exf5 14. Nc3
Rhf8 15. Be3 Nd4 16. Bxd4 Rxd4 17. Rae1 g5 18. Rxe5 Bd6 19. Be6+ Kb8 20. Rxf5
Rxf5 21. Bxf5 Rh4 22. g3 Rb4 23. Re1 a6 24. b3 Rb6 25. Nd5 Rb5 26. c4 Bb4 27.
Nxb4 Rxb4 28. Re8+ Ka7 29. Rc8 a5 {nemozny tah} 1-0

[Event "MMaS_2014_U10"]
[Site "?"]
[Date "2014.10.27"]
[Round "6.7"]
[White "Fizer, Marek"]
[Black "Londin, Lukas Vojtech"]
[Result "1-0"]
[WhiteElo "1135"]
[BlackElo "1060"]
[PlyCount "67"]
[EventDate "2014.10.25"]

1. e4 e5 2. f4 exf4 3. Nf3 Nc6 4. d4 d6 5. Bxf4 Nf6 6. Bd3 Bg4 7. c3 Qd7 8. O-O
Be7 9. d5 Ne5 10. Nxe5 dxe5 11. Qe1 exf4 12. Rxf4 Bc5+ 13. Kh1 Qd6 14. e5 Qxd5
15. exf6+ Be6 16. Bc4 Qc6 17. fxg7 Rg8 18. Bxe6 fxe6 19. Re4 Ke7 20. Qh4+ Kd7
21. Qxh7 Qd5 22. Re1 Bf2 23. Rf1 Qg5 24. Nd2 Rxg7 25. Qd3+ Ke7 26. Qf3 Rf8 27.
Qxb7 Qxd2 28. Qxc7+ Ke8 29. Qxg7 Qd3 30. Rad1 Qb5 31. Qg6+ Ke7 32. h4 Rf6 33.
Qg5 Kf7 34. Qxb5 1-0